Top 10 Immigrant Countries and Their Origin Countries - Statistics

General Stats
  • This quiz has been taken 5,662 times
  • The average score is 47 of 60
Answer Stats
Rank # (est.) Country % Correct

1

45.79 m 1. {UNITED STATES}
99%

6

7.82 m 6. {UNITED KINGDOM}
98%
8 1st 674 k United Kingdom
98%
9 1st 1.27 m United Kingdom
98%
10 4th 381 k United Kingdom
98%

7

7.44 m 7. {FRANCE}
97%
1 2nd 2.25 m China
97%
8 2nd 640 k China
97%
9 2nd 447 k China
97%

3

9.85 m 3. {GERMANY}
96%
6 5th 311 k Germany
96%
1 1st 12.95 m Mexico
96%
1 3rd 2.06 m India
95%
4 1st 1.76 m India
95%
5 1st 2.85 m India
95%
6 1st 756 k India
95%
8 3rd 518 k India
95%
9 3rd 365 k India
95%

2

11.05 m 2. {RUSSIA}
92%
3 3rd 1.01 m Russia
92%

10

6.47 m 10. {SPAIN}
91%

8

7.28 m 8. {CANADA}
91%

9

6.47 m 9. {AUSTRALIA}
87%
3 5th 433 k Italy
87%
7 5th 361 k Italy
87%
8 5th 340 k Italy
87%
9 4th 232 k Italy
87%
4 2nd 1.32 m Pakistan
86%
5 3rd 954 k Pakistan
86%
6 3rd 476 k Pakistan
86%
3 1st 1.54 m Turkey
83%
3 2nd 1.15 m Poland
82%
6 2nd 661 k Poland
82%
2 1st 2.94 m Ukraine
79%
7 3rd 629 k Portugal
75%
7 1st 1.41 m Algeria
72%
7 2nd 911 k Morocco
72%
10 2nd 746 k Morocco
72%

4

9.06 m 4. {SAUDI ARABIA}
70%
4 3rd 1.31 m Bangladesh
69%
5 2nd 1.09 m Bangladesh
69%
6 4th 413 k Ireland
66%
4 4th 1.30 m Egypt
65%
5 4th 712 k Egypt
65%
2 2nd 2.48 m Kazakhstan
65%
3 4th 718 k Kazakhstan
65%
1 4th 2.00 m Philippines
64%
4 5th 1.03 m Philippines
64%
5 5th 477 k Philippines
64%
8 4th 364 k Philippines
64%
1 5th 1.38 m Vietnam
64%
9 5th 225 k Vietnam
64%

5

7.83 m 5. {U.A.E.}
62%
2 5th 740 k Belarus
61%
10 1st 798 k Romania
51%
7 4th 382 k Tunisia
51%
10 5th 359 k Colombia
48%
2 3rd 1.11 m Uzbekistan
45%
2 4th 743 k Azerbaijan
29%
10 3rd 451 k Ecuador
17%
No matching quizzes found
Score Distribution
Percent of People with Each Score
Percentile by Number Answered
Your Score History
You have not taken this quiz